00649cam a22002171 4500001001300000003000400013005001700017008004100034010001700075035002000092040002300112042001200135050002100147245008000168260003700248300001900285651003800304651004200342710003000384999001700414sa 63001601 DLC20260227111928.0840407s1960 ii 100 0 eng  asa 63001601  a(OCoLC)10604247 aDLCcCLSdCLSdDLC apremarc00aHC435b.D38 196010aDemocracy in India;ca symposium organised by the Forum of Free Enterprise. aBombay,bDhawale Popularc[1960] a193 p.c17 cm. 0aIndiaxEconomic conditionsy1945- 0aIndiaxPolitics and governmenty1947-2 aForum of Free Enterprise. c54042d54042